00395nam a2200157 a 4500008004100000020001500041050001600056100001900072245002800091246002500119260004100144300001300185350000900198650001500207650001500222120416s2000 ||||||||||||||||| || u a9966215123 aHD 57.7 Kap aKapena, Sumbye10aHow to be a wise leader aprinciples that work aNairobibPaulines Publicationsc2000 a71 pages a0.00 0aMANAGEMENT 0aLEADERSHIP